[Event "Schleswig Holstein-ch Seniors"]
[Site "Hanerau"]
[Date "2015.04.02"]
[Round "8"]
[White "Clasen, Friedrich"]
[Black "Janus, Hannelore"]
[Result "1/2-1/2"]
[WhiteElo "1737"]
[BlackElo "1744"]
[PlyCount "84"]
[EventDate "2015.03.28"]
[EventType "swiss"]
[EventRounds "9"]
[EventCountry "GER"]
[SourceTitle "EXT 2018"]
[Source "ChessBase"]
[SourceDate "2017.10.13"]
[SourceVersion "1"]
[SourceVersionDate "2017.10.13"]
[SourceQuality "1"]

1. e4 g6 2. d4 Bg7 3. Nf3 d6 4. Bc4 Bg4 5. Bxf7+ Kf8 6. Bb3 Qd7 7. Nc3 e6 8. h3 Bxf3 9. Qxf3+ Ke7 10. Bg5+ Bf6 11. Bxf6+ Nxf6 12. 0-0-0 Rf8 13. Qe3 Ng8 14. e5 d5 15. Qg5+ Ke8 16. f3 c6 17. Rhf1 Qe7 18. Qxe7+ Kxe7 19. Rd3 b5 20. Ne2 a5 21. a4 b4 22. c4 bxc3 23. Rxc3 Ra7 24. Kb1 Kd7 25. Nc1 Na6 26. Nd3 Ne7 27. g4 h6 28. h4 h5 29. gxh5 gxh5 30. Bd1 Nf5 31. Rg1 Rc7 32. Nc5+ Nxc5 33. Rxc5 Nxd4 34. Rxa5 Nf5 35. Rg5 Nxh4 36. Rxh5 Ng6 37. Rh7+ Ne7 38. Rh5 Rf5 39. Rxf5 exf5 40. Ra8 Ng6 41. Bc2 Nxe5 42. Bxf5+ Kd6 1/2-1/2

[Event "Schleswig Holstein-ch Seniors"]
[Site "Hanerau"]
[Date "2015.03.31"]
[Round "5"]
[White "Fiedler, Friedrich"]
[Black "Clasen, Friedrich"]
[Result "1/2-1/2"]
[WhiteElo "1863"]
[BlackElo "1737"]
[PlyCount "69"]
[EventDate "2015.03.28"]
[EventType "swiss"]
[EventRounds "9"]
[EventCountry "GER"]
[SourceTitle "EXT 2018"]
[Source "ChessBase"]
[SourceDate "2017.10.13"]
[SourceVersion "1"]
[SourceVersionDate "2017.10.13"]
[SourceQuality "1"]

1. c4 f5 2. Nc3 Nf6 3. d4 e6 4. Nf3 b6 5. e3 Bb4 6. Be2 Bb7 7. 0-0 Bxc3 8. bxc3 0-0 9. Ba3 d6 10. Ng5 Qd7 11. Bf3 Ne4 12. Nxe4 fxe4 13. Be2 Rf6 14. c5 Ba6 15. Bxa6 Nxa6 16. Qe2 Qa4 17. Qb2 dxc5 18. dxc5 bxc5 19. Qb3 Qa5 20. Bc1 Qb6 21. Qc4 Qc6 22. Rb1 Rb8 23. Ba3 Rff8 24. Rb3 Rxb3 25. axb3 Rd8 26. b4 Nb8 27. b5 Qd5 28. Qxc5 Qxc5 29. Bxc5 Rd5 30. Bxa7 Rxb5 31. Bxb8 Rxb8 32. g4 Rb3 33. Rc1 c5 34. c4 Kf7 35. g5 1/2-1/2

[Event "Schleswig Holstein-ch Seniors"]
[Site "Leck"]
[Date "2014.04.15"]
[Round "5"]
[White "Busse, Gerd"]
[Black "Clasen, Friedrich"]
[Result "1-0"]
[WhiteElo "1835"]
[BlackElo "1734"]
[PlyCount "43"]
[EventDate "2014.04.12"]
[EventType "swiss"]
[EventRounds "9"]
[EventCountry "GER"]
[SourceTitle "EXT 2018"]
[Source "ChessBase"]
[SourceDate "2017.10.13"]
[SourceVersion "1"]
[SourceVersionDate "2017.10.13"]
[SourceQuality "1"]

1. e4 e5 2. Nf3 Nc6 3. Bc4 Nf6 4. Ng5 d5 5. exd5 Na5 6. Bb5+ c6 7. dxc6 bxc6 8. Bd3 e4 9. Nxe4 Qe7 10. 0-0 Nxe4 11. Bxe4 Qd6 12. d3 Be7 13. Nc3 f5 14. Bf3 0-0 15. Re1 Rb8 16. g3 g5 17. Bg2 Bd7 18. Bd2 c5 19. Rb1 Bc6 20. Nd5 Bd8 21. Bxa5 Bxa5 22. Ne7+ 1-0

[Event "Schleswig Holstein-ch Seniors"]
[Site "Leck"]
[Date "2014.??.??"]
[Round "6"]
[White "Knudten Wessel, Annegret"]
[Black "Clasen, Friedrich"]
[Result "0-1"]
[WhiteElo "1442"]
[BlackElo "1734"]
[PlyCount "44"]
[EventDate "2014.04.12"]
[EventType "swiss"]
[EventRounds "9"]
[EventCountry "GER"]
[SourceTitle "EXT 2018"]
[Source "ChessBase"]
[SourceDate "2017.10.13"]
[SourceVersion "1"]
[SourceVersionDate "2017.10.13"]
[SourceQuality "1"]

1. c4 f5 2. Nc3 Nf6 3. e3 e6 4. a3 b6 5. Be2 Bb7 6. Bf3 Ne4 7. d3 Nxc3 8. bxc3 Nc6 9. d4 Be7 10. e4 0-0 11. exf5 exf5 12. Bd5+ Kh8 13. Ne2 Bd6 14. Bf4 Bxf4 15. Nxf4 Qg5 16. g3 Rae8+ 17. Kf1 Na5 18. Bxb7 Nxb7 19. Qa4 Qe7 20. Qxa7 Qe4 21. Ng2 Ra8 22. Re1 Qd3+ 0-1

[Event "Schleswig-Holstein-ch Seniors"]
[Site "Buesum"]
[Date "2010.04.01"]
[Round "8"]
[White "Clasen, Friedrich"]
[Black "Nickel, Juergen"]
[Result "1-0"]
[WhiteElo "1732"]
[BlackElo "1938"]
[PlyCount "49"]
[EventDate "2010.03.27"]
[EventType "swiss"]
[EventRounds "9"]
[EventCountry "GER"]
[SourceTitle "EXT 2023"]
[Source "ChessBase"]
[SourceDate "2022.10.05"]
[SourceVersion "1"]
[SourceVersionDate "2022.10.05"]
[SourceQuality "1"]

1. e4 c5 2. Nf3 e6 3. d4 cxd4 4. Nxd4 Nf6 5. Nc3 a6 6. Bd3 Qc7 7. Be3 Bb4 8. Qd2 d5 9. 0-0-0 e5 10. Nde2 d4 11. Nxd4 Bxc3 12. bxc3 exd4 13. Bxd4 Qe7 14. Qg5 Nbd7 15. e5 Nd5 16. Qxg7 Qf8 17. e6 f6 18. exd7+ Bxd7 19. Rhe1+ Kd8 20. Qxf8+ Rxf8 21. Kd2 Kc7 22. Be4 Nb6 23. Rb1 Nc4+ 24. Kc1 b5 25. Bxa8 1-0

[Event "Schleswig-Holstein-ch Seniors"]
[Site "Buesum"]
[Date "2010.03.28"]
[Round "2"]
[White "Clasen, Friedrich"]
[Black "Geibel, Henning"]
[Result "0-1"]
[WhiteElo "1732"]
[BlackElo "1547"]
[PlyCount "56"]
[EventDate "2010.03.27"]
[EventType "swiss"]
[EventRounds "9"]
[EventCountry "GER"]
[SourceTitle "EXT 2023"]
[Source "ChessBase"]
[SourceDate "2022.10.05"]
[SourceVersion "1"]
[SourceVersionDate "2022.10.05"]
[SourceQuality "1"]

1. e4 e5 2. Nf3 d6 3. Bc4 Be7 4. d4 Nc6 5. 0-0 exd4 6. c3 Nf6 7. Re1 dxc3 8. bxc3 0-0 9. Nd4 Ne5 10. Bb3 Bg4 11. f3 Bd7 12. f4 Nc6 13. Nd2 Bg4 14. N2f3 Nxd4 15. cxd4 c5 16. Bb2 Nh5 17. h3 Bd7 18. dxc5 dxc5 19. Ne5 Nf6 20. Nxd7 Nxd7 21. Qg4 g6 22. Rad1 Qb6 23. Rxd7 c4+ 24. Bd4 Bc5 25. Bxc5 Qxc5+ 26. Kh2 cxb3 27. axb3 Qc3 28. Rxb7 Qxe1 0-1

[Event "Schleswig-Holstein-ch Seniors"]
[Site "Buesum"]
[Date "2010.03.27"]
[Round "1"]
[White "Schmidt, Niels Peter"]
[Black "Clasen, Friedrich"]
[Result "1-0"]
[WhiteElo "2025"]
[BlackElo "1732"]
[PlyCount "55"]
[EventDate "2010.03.27"]
[EventType "swiss"]
[EventRounds "9"]
[EventCountry "GER"]
[SourceTitle "EXT 2023"]
[Source "ChessBase"]
[SourceDate "2022.10.05"]
[SourceVersion "1"]
[SourceVersionDate "2022.10.05"]
[SourceQuality "1"]

1. d4 Nf6 2. c4 c5 3. e3 e6 4. Nc3 cxd4 5. exd4 Bb4 6. Bd3 d5 7. Nf3 dxc4 8. Bxc4 Nd5 9. Qc2 Qc7 10. Bxd5 exd5 11. 0-0 Bxc3 12. bxc3 h6 13. Ba3 Be6 14. Rfe1 b5 15. Qb3 Qc4 16. Qb2 Nc6 17. Nd2 Qa4 18. Nb3 Qc4 19. Nc5 Nd8 20. Na6 Rc8 21. Bc5 Qa4 22. Nb4 Nb7 23. Nd3 Qc4 24. Re3 Nxc5 25. Nxc5 Rc6 26. Qa3 0-0 27. Qxa7 Rfc8 28. Qa5 1-0

[Event "Schleswig Holstein-ch Seniors 63rd"]
[Site "Gross Groenau"]
[Date "2008.03.20"]
[Round "8"]
[White "Clasen, Friedrich"]
[Black "Von Koenen, Hermann"]
[Result "0-1"]
[WhiteElo "1573"]
[BlackElo "1429"]
[PlyCount "22"]
[EventDate "2008.03.15"]
[EventType "swiss"]
[EventRounds "9"]
[EventCountry "GER"]
[SourceTitle "EXT 2010"]
[Source "ChessBase"]
[SourceDate "2010.11.25"]
[SourceVersion "1"]
[SourceVersionDate "2010.11.25"]
[SourceQuality "1"]

1. e4 e5 2. Bc4 Nf6 3. d3 Be7 4. Nf3 d6 5. Nc3 0-0 6. 0-0 Bg4 7. Bg5 Nc6 8. h3 Bxf3 9. gxf3 Qd7 10. Kh2 Nh5 11. Bxe7 Nf4 0-1

[Event "Schleswig Holstein-ch Seniors 63rd"]
[Site "Gross Groenau"]
[Date "2008.03.19"]
[Round "6"]
[White "Jasper, Erich"]
[Black "Clasen, Friedrich"]
[Result "0-1"]
[WhiteElo "1391"]
[BlackElo "1573"]
[PlyCount "94"]
[EventDate "2008.03.15"]
[EventType "swiss"]
[EventRounds "9"]
[EventCountry "GER"]
[SourceTitle "EXT 2010"]
[Source "ChessBase"]
[SourceDate "2010.11.25"]
[SourceVersion "1"]
[SourceVersionDate "2010.11.25"]
[SourceQuality "1"]

1. d4 f5 2. c4 Nf6 3. Bg5 g6 4. Nf3 Bg7 5. e3 0-0 6. Bd3 d6 7. Nc3 Qe8 8. Bxf6 Bxf6 9. Nd5 e5 10. Nxc7 Qc6 11. Nd5 e4 12. Nxf6+ Rxf6 13. d5 Qe8 14. Bc2 exf3 15. Qxf3 Nd7 16. 0-0 Ne5 17. Qf4 Bd7 18. Rae1 b5 19. b3 bxc4 20. bxc4 Kg7 21. h3 Rc8 22. Qd4 Rxc4 23. Qb2 Rxc2 24. Qxc2 Bb5 25. a4 Bxf1 26. Kxf1 Qd7 27. f4 Nf7 28. Kf2 g5 29. g3 h6 30. Qc6 Qe7 31. Rc1 Nd8 32. Qc7 Rf7 33. a5 Qd7 34. Qc3+ Kh7 35. a6 gxf4 36. exf4 Qb5 37. Qc4 Qxc4 38. Rxc4 Rd7 39. g4 fxg4 40. hxg4 Kg6 41. Kg3 Re7 42. Kf2 h5 43. gxh5+ Kxh5 44. f5 Rf7 45. Rf4 Kg5 46. Kf3 Rxf5 47. Rxf5+ Kxf5 0-1

[Event "Schleswig Holstein-ch Seniors 63rd"]
[Site "Gross Groenau"]
[Date "2008.03.17"]
[Round "4"]
[White "Pape, Rainer"]
[Black "Clasen, Friedrich"]
[Result "1/2-1/2"]
[WhiteElo "1669"]
[BlackElo "1573"]
[PlyCount "72"]
[EventDate "2008.03.15"]
[EventType "swiss"]
[EventRounds "9"]
[EventCountry "GER"]
[SourceTitle "EXT 2010"]
[Source "ChessBase"]
[SourceDate "2010.11.25"]
[SourceVersion "1"]
[SourceVersionDate "2010.11.25"]
[SourceQuality "1"]

1. e4 c6 2. f4 d5 3. e5 h5 4. Be2 g6 5. Nf3 Qb6 6. d3 Nh6 7. c3 Bg4 8. Qb3 Qxb3 9. axb3 Nf5 10. Kf2 e6 11. h3 Bxf3 12. Bxf3 Nd7 13. d4 c5 14. Be3 Be7 15. g3 cxd4 16. cxd4 a6 17. Nc3 Rc8 18. Rhc1 Nb6 19. Na4 Rxc1 20. Rxc1 Nxa4 21. bxa4 Kd7 22. Bd1 Nxe3 23. Kxe3 a5 24. Be2 Bb4 25. Bb5+ Kd8 26. Kf3 Be7 27. h4 f6 28. exf6 Bxf6 29. Ke3 Be7 30. Re1 Rf8 31. Bd3 Bb4 32. Re2 Rg8 33. Rc2 Kd7 34. Rg2 Ke7 35. Rc2 Kd7 36. Rc1 Kd6 1/2-1/2

[Event "Schleswig Holstein-ch Seniors 56th"]
[Site "Eckernfoerde"]
[Date "2001.04.??"]
[Round "7"]
[White "Clasen, Friedrich"]
[Black "Langmann, Claus"]
[Result "0-1"]
[WhiteElo "1580"]
[BlackElo "1972"]
[PlyCount "41"]
[EventDate "2001.04.??"]
[EventType "swiss"]
[EventRounds "9"]
[EventCountry "GER"]
[SourceTitle "EXT 2004"]
[Source "ChessBase"]
[SourceDate "2003.11.25"]
[SourceVersion "1"]
[SourceVersionDate "2003.11.25"]
[SourceQuality "1"]

1. d4 Nf6 2. e3 c5 3. c3 e6 4. Bd3 d5 5. Nd2 Bd6 6. Ngf3 Nbd7 7. 0-0 b6 8. e4 dxe4 9. Nxe4 Qc7 10. Nxd6+ Qxd6 11. Bg5 0-0 12. Re1 cxd4 13. Nxd4 Qd5 14. Bxf6 Nxf6 15. f4 Bb7 16. Qc2 Rac8 17. Re5 Qd7 18. Rd1 Qc7 19. Qf2 g6 20. Bc2 Ng4 21. Nb5 0-1

[Event "Schleswig Holstein-ch Seniors 56th"]
[Site "Eckernfoerde"]
[Date "2001.04.??"]
[Round "8"]
[White "Gruebling, Karl Heinz"]
[Black "Clasen, Friedrich"]
[Result "1/2-1/2"]
[WhiteElo "1653"]
[BlackElo "1580"]
[PlyCount "64"]
[EventDate "2001.04.??"]
[EventType "swiss"]
[EventRounds "9"]
[EventCountry "GER"]
[SourceTitle "EXT 2004"]
[Source "ChessBase"]
[SourceDate "2003.11.25"]
[SourceVersion "1"]
[SourceVersionDate "2003.11.25"]
[SourceQuality "1"]

1. d4 Nf6 2. Nf3 d5 3. c4 e6 4. Nc3 c6 5. e3 Ne4 6. Nd2 f5 7. cxd5 exd5 8. Ndxe4 dxe4 9. Qb3 Qa5 10. Bd2 Qb4 11. Qxb4 Bxb4 12. Nxe4 Bxd2+ 13. Nxd2 Be6 14. Nc4 Bxc4 15. Bxc4 Nd7 16. Rc1 Ke7 17. Ke2 Nf6 18. Bd3 g6 19. a4 Rhd8 20. b4 Nd5 21. b5 cxb5 22. axb5 Rdc8 23. Rc5 Nc3+ 24. Kd2 Rxc5 25. dxc5 Ne4+ 26. Bxe4 fxe4 27. Rc1 Rd8+ 28. Ke2 Ke6 29. Rc4 Ke5 30. f4+ exf3+ 31. gxf3 Rc8 32. f4+ Kd5 1/2-1/2